00518nam a22001577a 4500003000500000005001700005008004100022038001500063082001000078100002200088245011700110260003500227300002800262500001400290600005600304NUST20190626072043.0190626b ||||| |||| 00| 0 eng d aMr. Zahoor a005.1 aUsman Ghani Arain aWork flow Automation Framework for Optimizing Academic Performance through ABET's Guidelines/cUsman Ghani Arain aIslamabad :bCEME NUST,c2012. aiv, 74p. : ill. ;c30cm aHardcover 2Software Engineering - Ms ThesisaUsman Ghani Arain